Aplikácia účtovných zásad v praxi diplomová práca

Salvato in:
Dettagli Bibliografici
Autore principale: Šílová, Eva
Ente Autore: Fakulta hospodárskej informatiky EU. Katedra účtovníctva a audítorstva
Altri autori: Szászová, Renáta
Natura: Libro
Lingua:slovacco
Pubblicazione: Bratislava 2015
Tags: Aggiungi Tag
Nessun Tag, puoi essere il primo ad aggiungerne!!

MARC

LEADER 00000nbm a2200000 4500
001 0203578
005 20161212113337.5
041 0 |a slo 
044 |a SK 
245 1 0 |a Aplikácia účtovných zásad v praxi  |b diplomová práca  |c Eva Šílová ; školiteľ: Renáta Szászová 
264 1 |a Bratislava  |c 2015 
300 |a 59 s. 
100 1 |a Šílová, Eva 
700 1 |a Szászová, Renáta 
710 2 |a Fakulta hospodárskej informatiky EU. Katedra účtovníctva a audítorstva